| 000 | 01148nam a22003497a 4500 | ||
|---|---|---|---|
| 003 | CHAP | ||
| 005 | 20220329133356.0 | ||
| 008 | 971013s1990 r 00010 d | ||
| 010 | _a5643 | ||
| 011 | _a6615 | ||
| 035 | _a5836 | ||
| 040 | _cCHAP | ||
| 082 |
_a631.7 _bH63 |
||
| 100 | 0 | 0 |
_aHoffman, G. J. _955789 |
| 245 | _aManagement of farm irrigation systems | ||
| 260 |
_aSt. Joseph, Mi : _bThe American Society of Agricultural Engineers, _c1990 |
||
| 300 |
_a1040 p. _b: ilus. ; gráfs. |
||
| 500 | _a59-32 | ||
| 590 |
_aBATCH-UPD _b10 _c20130109 _lUCH01 _h2326 |
||
| 590 |
_aBATCH-UPD _b10 _c20130110 _lUCH01 _h0327 |
||
| 590 |
_aBATCH-UPD _b10 _c20130110 _lUCH01 _h2204 |
||
| 590 |
_aBATCH-UPD _b10 _c20130410 _lUCH01 _h0000 |
||
| 590 |
_aBATCH-UPD _b10 _c20130914 _lUCH01 _h0314 |
||
| 590 |
_aCONVERSION _b10 _c20130109 _lUCH01 _h1304 |
||
| 650 | 1 | 4 |
_aIrrigación. _960366 |
| 700 | 0 |
_aHowell, Terry A. _956506 |
|
| 700 | 0 |
_aSolomon, Kenneth H. _9108484 |
|
| 710 | 0 |
_aAmerican Society of Agricultural Engineers. _95291 |
|
| 901 | _aBK | ||
| 942 | _cLIBRO | ||
| 949 |
_a631.7 H63 _bBC _cLIBRO _d33724000166740 _eLIBRO _gI.163999 _h82451 _i5836 _si _t225.00 |
||
| 999 |
_c5643 _d5643 |
||